Song Titles: Fill In The Missing Word - Jobs (1970's) - Statistics

General Stats
  • This quiz has been taken 50 times
  • The average score is 8 of 20
Answer Stats
Artist Song Title % Correct
Glen Campbell Rhinestone {Cowboy}
93%
Bob and Marcia Pied {Piper}
89%
Judy Collins Send In The {Clown}s
87%
Benny Hill Ernie (The Fastest {Milkman} In The West)
73%
Boney M Ma {Baker}
49%
Sister Sledge He's The Greatest {Dancer}
44%
Elkie Brooks Pearl's A {Singer}
44%
Abba Nina, Pretty {Ballerina}
38%
Yannis Markopoulos Who Pays the {Ferryman}?
33%
Charlie Dore {Pilot} Of The Airwaves
31%
10CC Good Morning {Judge}
24%
David Bowie Cracked {Actor}
22%
Paul Nicholas Dancing With The {Captain}
22%
Dire Straits Lady {Writer}
20%
Buffy Saint Marie {Soldier} Blue
20%
5,000 Volts {Doctor} Kiss-Kiss
18%
Hoyt Axton Della and the {Dealer}
13%
Betty Wright {Clean} {Up} Woman
11%
Tonight {Drummer} Man
11%
Billy Howard King Of The {Cop}s
7%
No matching quizzes found
Score Distribution
Percent of People with Each Score
Percentile by Number Answered
Your Score History
You have not taken this quiz